Hoá sinh học các chất phân tử lớn trong hệ thống sống
Những vấn đề cơ bản về cấu trúc và chức năng của các Polysaccharide, Acid nucleic, Protein, các chất xúc tác sinh học. Những nguyên lý năng lượng sinh học. Quá trình phân giải và tổng hợp Saccharide, Acid nucleic và Protein...
Bewaard in:
| Hoofdauteur: | |
|---|---|
| Formaat: | Boek |
| Taal: | Undetermined |
| Gepubliceerd in: |
Hà Nội
Giáo dục
2010
|
| Onderwerpen: | |
| Tags: |
Voeg label toe
Geen labels, Wees de eerste die dit record labelt!
|
| Thư viện lưu trữ: | Trung tâm Học liệu Trường Đại học Cần Thơ |
|---|
| LEADER | 00988nam a2200205Ia 4500 | ||
|---|---|---|---|
| 001 | CTU_158675 | ||
| 008 | 210402s9999 xx 000 0 und d | ||
| 020 | |c 57000 | ||
| 082 | |a 572 | ||
| 082 | |b Ch125 | ||
| 100 | |a Phạm, Thị Trân Châu | ||
| 245 | 0 | |a Hoá sinh học các chất phân tử lớn trong hệ thống sống | |
| 245 | 0 | |c Phạm Thị Trân Châu (chủ biên); Đỗ Ngọc Liên, Nguyễn Huỳnh Minh Quyên | |
| 260 | |a Hà Nội | ||
| 260 | |b Giáo dục | ||
| 260 | |c 2010 | ||
| 520 | |a Những vấn đề cơ bản về cấu trúc và chức năng của các Polysaccharide, Acid nucleic, Protein, các chất xúc tác sinh học. Những nguyên lý năng lượng sinh học. Quá trình phân giải và tổng hợp Saccharide, Acid nucleic và Protein | ||
| 650 | |a Biochemistry,Hóa sinh học | ||
| 910 | |a Nguyên | ||
| 980 | |a Trung tâm Học liệu Trường Đại học Cần Thơ | ||